Strawberry Wine (Noah Kahan) - All Lyrics - Statistics

General Stats
  • This quiz has been taken 88 times
  • The average score is 172 of 230
Answer Stats
Lyrics % Correct
a
97%
Strawberry
97%
wine,
97%
and
91%
And
91%
the
91%
time
91%
to
91%
We
91%
we
91%
all
88%
as
88%
have
88%
I
88%
it
88%
love
88%
me
88%
No
88%
was
88%
you
88%
you,
88%
but
85%
But
85%
ever
85%
If
85%
in
85%
Those
85%
used
85%
were
85%
Darling,
82%
darling,
82%
every
82%
For
82%
for
82%
I'm
82%
that
82%
thing
82%
with
82%
your
82%
don't
79%
I'll
79%
is
79%
like
79%
my
79%
say
79%
see
79%
speak
79%
things
79%
word
79%
back
76%
burns
76%
empty
76%
fit
76%
him
76%
little
76%
never
76%
On
76%
on
76%
run
76%
space
76%
watch
76%
are
73%
cigarette,
73%
coming
73%
could
73%
formless
73%
heard
73%
know
73%
lose
73%
runway
73%
shape,
73%
thought
73%
we'd
73%
would
73%
dirt
70%
Light
70%
makes
70%
man
70%
park
70%
Remember
70%
road
70%
sentimental
70%
soft
70%
song
70%
straight
70%
you've
70%
asleep
67%
bones
67%
fast
67%
few
67%
head
67%
moments,
67%
over
67%
shoulder
67%
stranger
67%
buried
64%
cursed?
64%
miss
64%
said
61%
telling
61%
defines
58%
plywood
58%
Ooh,
55%
ooh,
55%
ooh
55%
Ooh
55%
(Ooh,
55%
ooh)
55%
(Ooh
55%
leaves
42%
No matching quizzes found
Score Distribution
Percent of People with Each Score
Percentile by Number Answered
Your Score History
You have not taken this quiz